00341nam a22000977a 450000500170000010000760001724500720009326000270016530000090019270000420020120260629141127.0 aWaqar Ahmed Khosoa19-MIAC-05aSupervisor - Prof.Dr. M. Mujtaba Shaikh  aPower Amplifier Modeling Using various Neural Networks ( Thesis ME) aNawabshahbQUESTc2024 a81p. aDepartment of Electronic Engineering